| 000 | 00527nam a2200157 a 4500 | ||
|---|---|---|---|
| 001 | 000043109 | ||
| 005 | 20201002040639.0 | ||
| 008 | 140219s2006 cl ac 000 0 spa d | ||
| 020 | _a9974795532 | ||
| 040 |
_aDO-SdBNP _bspa _cBNPHU |
||
| 245 | 0 | 0 |
_aCitas y Frases Célebres / _ccompilador Martín Flores. |
| 246 | 1 | 4 |
_aCitas y Frases Célebres _bde todos los tiempos |
| 260 |
_aBogotá, Colombia : _bPanamericana Formas e Impresos, _c2006. |
||
| 300 |
_a368 p. : _bil., retrs. ; _c28 cm. |
||
| 700 | 1 |
_aFlores, Martín _ecomp. _970643 |
|
| 999 |
_c42598 _d42598 |
||